书目信息 |
| 题名: |
发达国家职业技术教育历史演进
|
|
| 作者: | 翟海魂 编著 | |
| 分册: | ||
| 出版信息: | 上海 上海教育出版社 2008 |
|
| 页数: | 266页 | |
| 开本: | 24cm | |
| 丛书名: | 现代职业教育研究丛书 | |
| 单 册: | ||
| 中图分类: | G719.1 | |
| 科图分类: | ||
| 主题词: | 发达国家--职业教育--教育史--研究 , 发达国家 , 职业教育 , 教育史 | |
| 电子资源: | ||
| ISBN: | 978-7-5444-2083-9 | |
| 000 | 01028oam2 2200277 45 | |
| 005 | 20100303143653.35 | |
| 010 | @a978-7-5444-2083-9@dCNY33.00 | |
| 100 | @a20100121d2008 ekmy0chiy0120 ea | |
| 101 | 0 | @achi |
| 102 | @aCN@b310000 | |
| 105 | @ay z 000yy | |
| 106 | @ar | |
| 200 | 1 | @a发达国家职业技术教育历史演进@AFa Da Guo Jia Zhi Ye Ji Shu Jiao Yu Li Shi Yan Jin@f翟海魂编著@FZhai Hai Hun Bian Zhu |
| 210 | @a上海@c上海教育出版社@d2008 | |
| 215 | @a266页@d24cm | |
| 225 | 2 | @a现代职业教育研究丛书 |
| 330 | @a本书从近代职业技术教育的缘起——学徒制讲起,介绍了工业革命与现代职业技术教育的产生、19世纪末至20世纪中叶职业技术教育制度的确立、“二战”后职业技术教育的快速发展、20世纪80年代以来世界职业技术教育的改革等内容。 | |
| 461 | 0 | @12001 @a现代职业教育研究丛书 |
| 606 | 0 | @a发达国家@x职业教育@x教育史@x研究 |
| 606 | 0 | @a发达国家 |
| 606 | 0 | @a职业教育 |
| 606 | 0 | @a教育史 |
| 690 | @aG719.1@v4 | |
| 701 | 0 | @a翟海魂@AZhai Hai Hun@4编著 |
| 801 | 0 | @aCN@bTANGWEI@c20100303 |
| 905 | @b0584976-80@dG719.1@e22@f5 | |
| 发达国家职业技术教育历史演进/翟海魂编著.-上海:上海教育出版社,2008 |
| 266页;24cm.-(现代职业教育研究丛书) |
| ISBN 978-7-5444-2083-9:CNY33.00 |
| 本书从近代职业技术教育的缘起——学徒制讲起,介绍了工业革命与现代职业技术教育的产生、19世纪末至20世纪中叶职业技术教育制度的确立、“二战”后职业技术教育的快速发展、20世纪80年代以来世界职业技术教育的改革等内容。 |
| ● |
| 相关链接 |
|
|
|
|
正题名:发达国家职业技术教育历史演进
索取号:G719.1/22
 
预约/预借
| 序号 | 登录号 | 条形码 | 馆藏地/架位号 | 状态 | 备注 |
| 1 | 0584976 | 205849769 | 第一样本阅览室/ [索取号:G719.1/22] | 在馆 | |
| 2 | 0584977 | 205849778 | 第四借阅区/ [索取号:G719.1/22] | 在馆 | |
| 3 | 0584978 | 205849787 | 第四借阅区/ [索取号:G719.1/22] | 在馆 | |
| 4 | 0584979 | 205849796 | 第四借阅区/ [索取号:G719.1/22] | 在馆 | |
| 5 | 0584980 | 205849803 | 第四借阅区/ [索取号:G719.1/22] | 在馆 |